• 首页
  • 本馆介绍
  • 公告通知
  • 最新文献
  • 馆藏检索
  • 电子资源
  • 读者导购
  • 参考咨询
  • 我的图书馆
  • 登录
  • 详细信息显示
  • 放入我的书架
  • 预约/预借图书
  • 作者相关作品
  • 分类相关作品
  • 丛书相关作品
  • 出版社相关作品

书目信息

  • 表格格式
  • 工作单格式
  • 卡片格式
题名:
齐民要术
    
 
作者: 贾思勰 撰
分册:  
出版信息: 北京   农业出版社  1963
页数: 215页
开本: 19cm
丛书名:
单 册:
中图分类: S-092.39
科图分类:
主题词: 农学--中国--北魏
电子资源:
ISBN: 16144.1346
000 00619nam0 2200241 450
001 0156010194
005 20100713172243.0
010    @a16144.1346@dCNY0.78
091    @a16144.1346@dCNY0.78
100    @a20090311d1963 em y0chiy0121 ea
101 0  @achi
102    @aCN@b110000
105    @ay z 000yy
106    @ar
200 1  @a齐民要术@9Qi;Ji Min Yao Shu;Zhu @f贾思勰撰
205    @a新1版
210    @a北京@c农业出版社@d1963
215    @a215页@d19cm
606 0  @a农学@y中国@z北魏
690    @aS-092.39@v4
701  0 @a贾思勰@9jia si xie@4撰
801  0 @aCN@bAzMarc@c20130904
905    @aBZT@dS@e56@f1@sS/56
    
    齐民要术/贾思勰撰.-新1版.-北京:农业出版社,1963
    215页;19cm
    
    
    ISBN 16144.1346:CNY0.78
    
●
相关链接 在五车中查询图书 在当当中查询图书 在豆瓣中查询图书


正题名:齐民要术     索取号:S/56         预约/预借

序号 登录号 条形码 馆藏地/架位号 状态 备注
1 2000082200   2000082200   旧书回溯/ [索取号:S/56] 在馆    
山东省滨州职业学院图书馆 欢迎您!
大连网信软件有限公司© 版权所有